000 01092nam a2200313Ia 4500
003 OSt
005 20220912150713.0
006 a|||||r|||| 00| 0
007 ta
008 220909b |||||||| |||| 00| 0 eng d
020 _a0387288252 (hbd)
024 _a58676
037 _b0000614/2006/CRB, 26/07/2006, Narosa Book Distributors Pvt. Ltd.
037 _cTextbook
040 _aCSL
_beng
_cCSL
041 _aeng
082 _aE:2210bG:55, P6 TE
100 _aJoo Sung Hee
245 0 _aNanotechnology for environmental remediation
260 _aNew York Springer Science+Business Media,Inc
_c2006
300 _axiii, 165p.
_ccm.
490 _aModern inorganic chemistry
500 _aBibliographical references 129-146p.
_ccm.; Appendix A-E, 147-161p.
_ccm.; Index 163-165p.
_ccm.
650 _a Environmental remediation
650 _aNanotechnology
700 _a Cheng I Francis
942 _hE:2210bG:55, P6 TE
_cTB
_2CC
999 _c53028
_d53028